000 00796nam a2200229 a 4500
001 000002968
005 20200929150309.0
008 090706s2008 dr ac 001 0 spa d
020 _a9789945162493
040 _aDO-SdBNP
_bspa
_cBNPHU
082 _a625.7
_bC183y
100 1 _aCamilo, Antonio Manuel
_99259
245 1 0 _aYo soy la autopista Duarte /
_cAntonio Manuel Camilo.
260 _aSanto Domingo :
_bBúho,
_c2008.
300 _a317 p. :
_bil., retrs. ;
_c23 cm.
500 _aIncluye datos biográficos del autor
504 _aIncluye bibliografía y notas al pie de páginas.
590 _aInventariado,2018/DG
650 4 _aAutopistas
_zRepública Dominicana
_99430
650 4 _aConstrucción de carreteras
_zRepública Dominicana
_96560
910 _aValidado. Control de calidad EMS
999 _c2800
_d2800